| 000 | 01676nam a22001457a 4500 | ||
|---|---|---|---|
| 008 | 180803b xxu||||| |||| 00| 0 eng d | ||
| 020 | _a9788461447381 | ||
| 082 |
_a708 _bES79m |
||
| 100 |
_aEstévez, Fernando y De Santa Ana, Mariano (Editores) _96565 |
||
| 245 | _aMemorias y Olvidos del Archivo | ||
| 260 |
_aMadrid _bOrganismo Autónomo de Museos y Centros del Excmo. Cabildo Insular de Tenerife, Centro Atlántico de Arte Moderno y Outer Ediciones _c2010 |
||
| 300 |
_a269 p. _bill. _c24 cm |
||
| 505 |
_tMemorias y olvidos del Archivo _rEstévez, Fernando y De Santa Ana, Mariano _t«Ceci n'est pas una archive» _rBlasco, Jorge _tArchivo y Memoria en el Reino de los Replicantes _rEstévez, Fernando _tRelatos. Del albúm de familia a Facebook (Con un epílogo de Isaías Griñolo) _rEnguita, Nuria _t«Copy is Right» Tres momentos fundamentales de la poética de la apropiación audiovisual _rWeinritchter, Antonio _tEl objeto y el fín _rValcárcel, Isidoro _tTipologías y genealogías del Archivo en el Siglo XX. «Otra historia del arte del Siglo XX» _rWash, Anna María _tDe los usos y desventajas del archivo para el arte _rHernández, Yaiza _tL - Carnet '37 _rLahuerta, Juan José _tAnarchivos _rRomero, Pedro G. _tHacer memoria. EL caso de «Arts Combinatòries», lugar de educación, exposición e investigación de la Fundación Antoni Tàpies _rRassel, Laurence _tFantasmas del archivo _rDe Santa Ana, Mariano _tNotas sobre vínculos, consciencia y el doblez. Notas sobre el doble, archivo y el yo existente. _rBeltrán, Erick _tEntre Archivos _rMuntadas, Antoni _tReferencias |
||
| 650 |
_2Archivo _xArte - documentación _xArte - congreso _xArchivos - Arte _xArchivos - Arte Congreso _96566 |
||
| 999 |
_c1569 _d1569 |
||